新潟県の市町村(1960年) - Statistics

General Stats
  • This quiz has been taken 50 times
  • The average score is 88 of 120
Answer Stats
No. 政令市/郡 市町村 備考 % Correct
1 新潟市 2007年政令指定
100%
2 長岡市
96%
6 新発田市
96%
7 新津市 2005年消滅
96%
10 十日町市
96%
12 村上市
96%
16 糸魚川市
96%
19 両津市 2004年消滅
96%
39 西蒲原郡 弥彦村
96%
3 高田市 1971年消滅
93%
14 直江津市 1971年消滅
93%
17 新井市 2005年改称
93%
20 白根市 2005年消滅
93%
78 中魚沼郡 津南町
93%
4 三条市
89%
9 加茂市
89%
63 三島郡 出雲崎町
89%
73 南魚沼郡 湯沢町
89%
75 南魚沼郡 六日町 2004年消滅
89%
85 刈羽郡 刈羽村
89%
95 中頸城郡 頸城村 2005年消滅
89%
106 岩船郡 関川村
89%
5 柏崎市
85%
11 見附市
85%
13 燕市
85%
18 五泉市
85%
42 西蒲原郡 巻町 2005年消滅
85%
99 中頸城郡 妙高村 2005年消滅
85%
105 西頸城郡 青海町 2005年消滅
85%
111 岩船郡 粟島浦村
85%
112 佐渡郡 相川町 2004年消滅
85%
8 小千谷市
81%
27 北蒲原郡 聖籠村 1977年昇格
81%
30 北蒲原郡 中条町 2005年消滅
81%
93 中頸城郡 柿崎町 2005年消滅
81%
109 岩船郡 朝日村 2008年消滅
81%
118 佐渡郡 小木町 2004年消滅
81%
15 栃尾市 2006年消滅
78%
51 南蒲原郡 田上村 1973年昇格
78%
64 三島郡 寺泊町 2006年消滅
78%
66 北魚沼郡 川口町 2010年消滅
78%
68 北魚沼郡 小出町 2004年消滅
78%
104 西頸城郡 能生町 2005年消滅
78%
23 北蒲原郡 水原町 2004年消滅
74%
25 北蒲原郡 豊栄町 1970年昇格
74%
40 西蒲原郡 分水町 2006年消滅
74%
52 南蒲原郡 下田村 2005年消滅
74%
65 古志郡 山古志村 2005年消滅
74%
79 中魚沼郡 中里村 2005年消滅
74%
88 東頸城郡 浦川原村 2005年消滅
74%
92 東頸城郡 牧村 2005年消滅
74%
113 佐渡郡 佐和田町 2004年消滅
74%
120 佐渡郡 赤泊村 2004年消滅
74%
22 北蒲原郡 京ヶ瀬村 2004年消滅
70%
29 北蒲原郡 紫雲寺町 2005年消滅
70%
32 北蒲原郡 黒川村 2005年消滅
70%
46 西蒲原郡 黒埼村 1973年昇格
70%
48 西蒲原郡 潟東村 2005年消滅
70%
54 南蒲原郡 中之島村 1986年昇格
70%
55 東蒲原郡 津川町 2005年消滅
70%
56 東蒲原郡 鹿瀬町 2005年消滅
70%
57 東蒲原郡 上川村 2005年消滅
70%
58 東蒲原郡 三川村 2005年消滅
70%
67 北魚沼郡 堀之内町 2004年消滅
70%
69 北魚沼郡 湯之谷村 2004年消滅
70%
72 北魚沼郡 入広瀬村 2004年消滅
70%
74 南魚沼郡 塩沢町 2005年消滅
70%
77 中魚沼郡 川西町 2005年消滅
70%
83 刈羽郡 小国町 2005年消滅
70%
86 刈羽郡 西山町 2005年消滅
70%
87 東頸城郡 安塚町 2005年消滅
70%
90 東頸城郡 松之山町 2005年消滅
70%
94 中頸城郡 大潟町 2005年消滅
70%
98 中頸城郡 中郷村 2005年消滅
70%
102 中頸城郡 三和村 2005年消滅
70%
103 西頸城郡 名立町 2005年消滅
70%
107 岩船郡 荒川町 2008年消滅
70%
108 岩船郡 神林村 2008年消滅
70%
110 岩船郡 山北村 1965年昇格
70%
114 佐渡郡 金井村 1960年昇格
70%
116 佐渡郡 畑野村 1960年昇格
70%
117 佐渡郡 真野町 2004年消滅
70%
21 北蒲原郡 安田町 2004年消滅
67%
24 北蒲原郡 笹神村 2004年消滅
67%
28 北蒲原郡 加治川村 2005年消滅
67%
33 中蒲原郡 小須戸町 2005年消滅
67%
34 中蒲原郡 村松町 2006年消滅
67%
36 中蒲原郡 亀田町 2005年消滅
67%
38 西蒲原郡 岩室村 2005年消滅
67%
60 三島郡 三島町 2005年消滅
67%
62 三島郡 和島村 2006年消滅
67%
71 北魚沼郡 守門村 2004年消滅
67%
76 南魚沼郡 大和村 1962年昇格
67%
89 東頸城郡 松代町 2005年消滅
67%
91 東頸城郡 大島村 2005年消滅
67%
115 佐渡郡 新穂村 2004年消滅
67%
35 中蒲原郡 横越村 1996年昇格
63%
41 西蒲原郡 吉田町 2006年消滅
63%
47 西蒲原郡 味方村 2005年消滅
63%
49 西蒲原郡 月潟村 2005年消滅
63%
50 西蒲原郡 中之口村 2005年消滅
63%
53 南蒲原郡 栄村 1981年昇格
63%
59 三島郡 越路町 2005年消滅
63%
61 三島郡 与板町 2006年消滅
63%
82 刈羽郡 高柳町 2005年消滅
63%
96 中頸城郡 吉川町 2005年消滅
63%
97 中頸城郡 妙高々原町 1969年改称
63%
100 中頸城郡 板倉町 2005年消滅
63%
119 佐渡郡 羽茂村 1961年昇格
63%
26 北蒲原郡 豊浦村 1973年昇格
59%
70 北魚沼郡 広神村 2004年消滅
59%
101 中頸城郡 清里村 2005年消滅
59%
43 西蒲原郡 西川町 1961年消滅
52%
31 北蒲原郡 築地村 1967年消滅
48%
37 西蒲原郡 赤塚村 1961年消滅
48%
45 西蒲原郡 中野小屋村 1961年消滅
48%
84 刈羽郡 北条町 1971年消滅
48%
81 刈羽郡 黒姫村 1968年消滅
44%
80 中魚沼郡 水沢村 1962年消滅
41%
44 西蒲原郡 升潟村 1961年消滅
37%
No matching quizzes found
Score Distribution
Percent of People with Each Score
Percentile by Number Answered
Your Score History
You have not taken this quiz